Everest : (Record no. 83724)

MARC details
000 -LEADER
campo de control de longitud fija 01126nam a2200301 4500
001 - NÚMERO DE CONTROL
campo de control 83724
003 - IDENTIFICADOR DE NÚMERO DE CONTROL
campo de control ES-MaACL
005 - FECHA Y HORA DE LA ÚLTIMA TRANSACCIÓN
campo de control 20240120124001.0
008 - DATOS DE LONGITUD FIJA--INFORMACIÓN GENERAL
campo de control de longitud fija 211220s1998 sp a 001 0 spa
020 ## - NÚMERO INTERNACIONAL ESTÁNDAR DEL LIBRO
Número Internacional Estándar del Libro 84-08-46267-9
080 ## - NÚMERO DE LA CLASIFICACIÓN DECIMAL UNIVERSAL
Número de la Clasificación Decimal Universal 915.15(234 Everest)
100 1# - ENTRADA PRINCIPAL--NOMBRE DE PERSONA
Nombre de persona Coburn, Broughton.
9 (RLIN) 173873
245 10 - MENCIÓN DEL TÍTULO
Título Everest :
Resto del título la montaña implacable /
Mención de responsabilidad, etc. Broughton Coburn ; introducción de Tim Cahill ; posfacio de David Breashears ; [traducción, Domingo Santos].
250 ## - MENCION DE EDICION
Mención de edición 2ª ed.
260 ## - PUBLICACIÓN, DISTRIBUCIÓN, ETC.
Lugar de publicación, distribución, etc. [Barcelona] :
Nombre del editor, distribuidor, etc. RBA :
-- Planeta,
Fecha de publicación, distribución, etc. 1998.
300 ## - DESCRIPCIÓN FÍSICA
Extensión 256 p. :
Otras características físicas il. col., fot. ;
Dimensiones 31 cm.
490 1# - MENCIÓN DE SERIE
Mención de serie Nuevos horizontes
500 ## - NOTA GENERAL
Nota general Índice.
594 ## - Nota al título y mención de responsabilidad
Nota al título y mención de responsabilidad En port.: National Geographic Society
651 #7 - PUNTO DE ACCESO ADICIONAL DE MATERIA--NOMBRE GEOGRÁFICO
Nombre geográfico Everest (Monte)-
Subdivisión general Descripción.
9 (RLIN) 173874
710 2# - ENTRADA AGREGADA--NOMBRE DE ENTIDAD CORPORATIVA
Nombre de entidad corporativa o nombre de jurisdicción como elemento de entrada National Geographic Society.
9 (RLIN) 5972
830 1# - PUNTO DE ACCESO ADICIONAL DE SERIE-TÍTULO UNIFORME
Título uniforme Nuevos horizontes
9 (RLIN) 182562
852 4# - LOCALIZACIÓN
Ubicación ES-MaACL
Número de control de estantería A-14797
itemnumber 86806
Sublocalización o colección R.152457
Ubicación en estantería Depósito 1
Signatura antigua Olim: N-7797
Donativo/Legado Donacion: Amadeo Aláez
Encuadernación Encuadernación en cartoné
903 ## - NOMBRE PERSONAL DE DONANTE
9 19076
a Aláez Rojo, Amadeo
e Donante
942 ## - ELEMENTOS DE ENTRADA SECUNDARIOS (KOHA)
Fuente del sistema de clasificación o colocación Clasificación decimal universal
Tipo de ítem Koha Libro impreso
Holdings
Estatus retirado Estado de pérdida Fuente del sistema de clasificación o colocación Estado de daño No para préstamo Biblioteca de origen Biblioteca actual Ubicación en estantería Fecha de adquisición Fuente de adquisición Total de préstamos Signatura topográfica completa Código de barras Visto por última vez Precio de reemplazo Tipo de ítem Koha
    Clasificación decimal universal     Biblioteca del Ateneo de Madrid Biblioteca del Ateneo de Madrid Depósito 1 20/12/2021 Donación   A-14797 1202749 23/02/2023 23/02/2023 Libro impreso